000
00325nam a2200133Ia 4500
008
220204s9999 xx 000 0 und d
082
_a
633.811
_b
GEO
100
_a
George Thomas, R
245
0
_a
Rose
260
_a
Trivandrum
_b
State Inst ofLanguage
_c
1974
650
_a
Rose cultivation
700
_a
Gopimani
942
_c
BK
999
_c
22842
_d
22842